| 000 | 00440nam a2200157Ia 4500 | ||
|---|---|---|---|
| 008 | 151213s9999 xx 000 0 und d | ||
| 020 | _a0-5493-4475-1 | ||
| 100 | _aMohamed Rafiquzzaman | ||
| 245 |
_aMicroprocessor and Microcomputer Based System Design _cMohamed Rafiquzzaman |
||
| 260 |
_aNew York _bC R C Press _c1995 |
||
| 300 | _a7517 p. | ||
| 650 | _aComputer | ||
| 650 | _aComputer | ||
| 700 | _aMohamed Rafiquzzaman | ||
| 999 |
_c3989 _d3989 |
||